Wurzeln ziehen - extrem - Statistiken

Allgemein
  • Dieses Quiz wurde 142 mal gespielt
  • Das Durchschnittsergebnis liegt bei 12 aus 15
Antwortstatistiken
Wurzel ist gleich= % Korrekt
961 31
99%
729 27
94%
1089 33
93%
1521 39
92%
2809 53
90%
1936 44
89%
1681 41
82%
1849 43
82%
2116 46
82%
*1331 11
70%
*2197 13
70%
*1728 12
69%
*2744 14
69%
*3375 15
69%
*4096 16
69%
Keine übereinstimmenden Quizze gefunden
Verteilung der Resultate
Anzahl Personen mit jedem Resultat
Perzentil nach korrekt beantworteten Fragen
Ihre Resultats-Entwicklung
Sie haben dieses Quiz noch nicht gespielt